| 000 | 01166nam a2200289 i 4500 | ||
|---|---|---|---|
| 001 | 97495 | ||
| 003 | ES-MaACL | ||
| 005 | 20250720061137.0 | ||
| 007 | t| | ||
| 008 | 050713s1986 sp ||||1| spa d | ||
| 020 | _a84-505-3550-6 | ||
| 080 | _a321.72(460)"1843/68" | ||
| 100 | 1 |
_aMarcuello Benedicto, Juan Ignacio. _976552 |
|
| 245 | 1 | 3 |
_aLa práctica parlamentaria en el reinado de Isabel II / _cJuan Ignacio Marcuello Benedicto; prólogo de Miguel Artola Gallego. |
| 260 |
_aMadrid : _bPublicaciones del Congreso de los Diputados, _c1986. |
||
| 300 |
_aX, 384 p. ; _c20 cm. |
||
| 490 | 1 | _aPublicaciones del Congreso de los Diputados. Serie IV, Monografías; 5 | |
| 500 | _aBibliografía: p. 377-379. | ||
| 650 | 1 | 4 |
_aParlamentos- _zEspaña- _yS.XIX. _915841 |
| 651 | 4 |
_aEspaña- _xHistoria- _z1843-1868, Isabel II _98256 |
|
| 700 | 1 |
_aArtola, Miguel, _d1923-2020 _923497 |
|
| 710 | 1 |
_aEspaña. _bCortes Generales. _bCongreso. _93671 |
|
| 830 | 0 |
_aPublicaciones del Congreso de los Diputados. Serie IV, Monografías; 5 _9232287 |
|
| 852 |
_aES-MaACL _jL-11266 _bR.113015 |
||
| 852 |
_aES-MaACL _jL-12454 _bR.111998 |
||
| 999 |
_c97495 _d97495 |
||